• 首页
  • 本馆介绍
  • 公告通知
  • 最新文献
  • 馆藏检索
  • 电子资源
  • 读者导购
  • 参考咨询
  • 我的图书馆
  • 登录
  • 详细信息显示
  • 放入我的书架
  • 预约/预借图书
  • 作者相关作品
  • 分类相关作品
  • 丛书相关作品
  • 出版社相关作品

书目信息

  • 表格格式
  • 工作单格式
  • 卡片格式
题名:
海战事典
    
 
作者: 董旻杰 主编
分册: 005   二战德国的巡洋作战
出版信息: 长春   吉林文史出版社  2016.11
页数: 216页
开本: 23cm
丛书名: 指文MOOK系列
单 册:
中图分类: E19-49 , E195.2
科图分类:
主题词: 海战--hai zhan--战争史--世界--通俗读物 , 第二次世界大战--di er ci shi jie da zhan--海战--史料
电子资源:
ISBN: 978-7-5472-3560-7
000 01053nam 2200289 450
001 CAL 0120141391231
005 20230307161049.27
010    @a978-7-5472-3560-7@dCNY79.80
100    @a20161115d2016 em y0chiy0120 ea
101 0  @achi
102    @aCN@b220000
105    @aabc z 000yy
106    @ar
200 1  @a海战事典@Ahai zhan shi dian@h005@i二战德国的巡洋作战@f董旻杰主编
210    @a长春@c吉林文史出版社@d2016.11
215    @a216页@c图, 地图@d23cm
225 2  @a指文MOOK系列@Azhi wen MOOKxi lie
330    @a本书内容包括“北方出巡作战”及柏林作战: 海上大绞杀 ; 莱茵作战: 短暂的“俾斯麦”传奇 ; 莱茵作战: 黄金依然沉睡 ; 雷霆-瑟布鲁斯行动: 落幕。
410  0 @12001 @a指文MOOK系列
517 1  @a二战德国的巡洋作战@Aer zhan de guo de xun yang zuo zhan
606 0  @a海战@Ahai zhan@x战争史@y世界@j通俗读物
606 0  @a第二次世界大战@Adi er ci shi jie da zhan@x海战@j史料
690    @aE19-49@v5
690    @aE195.2@v5
701  0 @a董旻杰@Adong min jie@4主编
801  0 @aCN@bBJXHZP@c20230228
905    @b1405585-8@dE19-49@e132:5@f4
    
    海战事典.005.二战德国的巡洋作战/董旻杰主编.-长春:吉林文史出版社,2016.11
    216页:图, 地图;23cm.-(指文MOOK系列)
    
    
    ISBN 978-7-5472-3560-7:CNY79.80
    本书内容包括“北方出巡作战”及柏林作战: 海上大绞杀 ; 莱茵作战: 短暂的“俾斯麦”传奇 ; 莱茵作战: 黄金依然沉睡 ; 雷霆-瑟布鲁斯行动: 落幕。
●
相关链接 在E读中查询图书 在五车中查询图书 在当当中查询图书 在豆瓣中查询图书


正题名:海战事典     索取号:E19-49/132:5         预约/预借

序号 登录号 条形码 馆藏地/架位号 状态 备注
1 1405585   214055859   第一样本阅览室/ [索取号:E19-49/132:5] 在馆    
2 1405586   214055868   第一借阅区/ [索取号:E19-49/132:5] 在馆    
3 1405587   214055877   第一借阅区/ [索取号:E19-49/132:5] 在馆    
4 1405588   214055886   第一借阅区/ [索取号:E19-49/132:5] 在馆    
唐山师范学院图书馆 欢迎您!
大连网信软件有限公司© 版权所有